Horacianes /
Descripción Física:
125 pàg ; 17 cm
Materias:
Fons Joan Junyer i Pascual (1909-1994)
Idioma:
Undetermined
MARC
| LEADER | 00000nam a22000005i 4500 | ||
|---|---|---|---|
| 001 | 24748 | ||
| 003 | AGDB | ||
| 005 | 20260324181534.0 | ||
| 008 | 180709s1907 xx ||||| |||||||| ||und|c | ||
| 035 | |a (ES-BaCBU).b71884658 | ||
| 035 | |a 33750 | ||
| 040 | |a ES-BaURL |b cat |e rda |c ES-BaURL | ||
| 100 | 1 | |a Costa i Llobera, Miquel, |d 1854-1922, |e autor |9 72494 | |
| 245 | 1 | 0 | |a Horacianes / |c poesies de Miquel Costa y Llobera |
| 250 | |a Segona edició | ||
| 264 | 1 | |a Barcelona : |b Ilustració Catalana , |c 1906 | |
| 300 | |a 125 pàg ; |c 17 cm | ||
| 336 | |a text |b txt |2 rdacontent | ||
| 337 | |a sense mediació |b n |2 rdamedia | ||
| 338 | |a volum |b nc |2 rdacarrier | ||
| 500 | |a Prové del fons Joan Junyer i Pascual (1909-1994) | ||
| 501 | |a Inclou pròleg de l'autor (pàg. 7-16) | ||
| 650 | |a Fons Joan Junyer i Pascual (1909-1994) |9 72777 | ||
| 902 | |a Patrimoni | ||
| 907 | |a .b71884658 |b 22-06-21 |c 10-07-18 |d 10-07-18 |e m |f a |g p |h und |i xx |j 0 |k 1 | ||
| 908 | |a URL | ||
| 942 | |2 udc |c ARXIU |n 1 | ||
| 952 | |0 0 |1 0 |4 0 |6 F50419 |7 1 |9 98401 |a Arxiu |b Arxiu |d 2025-10-08 |l 0 |o F-504-19 |p 24748 |r 2025-10-08 10:33:21 |w 2025-10-08 |y ARXIU | ||
| 999 | |c 130155 |d 130155 | ||